000 00679nam a2200289Ia 4500
005 20260324140506.0
008 008 260324s9999 xx 000 0 eng d
020 _a9781315827728
037 _aEBOOK
040 _aCRL
040 _beng
040 _cCRL
041 _2eng
041 _aeng
084 _qCRL
100 _aL Donald Mcvinney
_91204596
245 0 _aChemical Dependency Treatment
245 0 _bInnovative Group Approaches
260 _bTaylor and Francis
260 _c1998
365 _a
365 _b195
856 _uhttp://www.taylorfrancis.com/books/9781315827728
942 _cEBOOK
999 _c1806742
_d1806742